Hướng dẫn tự học nhanh Word 2002

Salvato in:
Dettagli Bibliografici
Autore principale: Quang Minh
Natura: Libro
Lingua:Undetermined
Pubblicazione: Thống kê 2002
Tags: Aggiungi Tag
Nessun Tag, puoi essere il primo ad aggiungerne! !
Thư viện lưu trữ: Trung tâm Học liệu Trường Đại học Cần Thơ
LEADER 00395nam a2200145Ia 4500
001 CTU_52243
008 210402s9999 xx 000 0 und d
020 |b 46000 
082 |a 005.3 
082 |b Qu106h 
100 |a Quang Minh 
245 0 |a Hướng dẫn tự học nhanh Word 2002 
260 |b Thống kê 
260 |c 2002 
980 |a Trung tâm Học liệu Trường Đại học Cần Thơ